Global real estate markets (Record no. 83958)

MARC details
000 -LEADER
fixed length control field 01649cad a22002175a 4500
001 - CONTROL NUMBER
control field L156158
008 - FIXED-LENGTH DATA ELEMENTS--GENERAL INFORMATION
fixed length control field 120502s2012 xxk 000 0 eng d
035 ## - SYSTEM CONTROL NUMBER
System control number (Sirsi) u156158
041 0# - LANGUAGE CODE
Language code of text/sound track or separate title eng
110 2# - MAIN ENTRY--CORPORATE NAME
Corporate name or jurisdiction name as entry element Knight Frank
9 (RLIN) 1530
245 00 - TITLE STATEMENT
Title Global real estate markets
Remainder of title annual review and outlook 2012
Medium [electronic resource]
260 ## - PUBLICATION, DISTRIBUTION, ETC.
Place of publication, distribution, etc. London
Name of publisher, distributor, etc. Knight Frank
Date of publication, distribution, etc. 2012
490 #0 - SERIES STATEMENT
Series statement Knight Frank Global Real Estate Markets Annual Review and Outlook
Volume/sequential designation 2012
520 ## - SUMMARY, ETC.
Summary, etc. Demand for office space has remained robust in the US, Germany and mainland China markets but reduced occupier confidence and falling rents were evident in some major Asian financial centres and European markets most hit by the debt crisis. Recent leasing activity in Central and Eastern Europe, Germany and the Nordic region has strengthened. Recovery in the US commercial property sector has been maintained. Asian office markets have experienced contrasting fortunes whereas the Middle East markets show the effects of political turbulence and high levels of development activity. Africa's emerging property markets have continued to develop. Globally commercial property investment volumes rose moderately in 2011 compared to 2010.
520 ## - SUMMARY, ETC.
Summary, etc. Highlights - Europe (office/investment) - North America (office/industrial) - Middle East (office) - Africa (office) - Asia Pacific (office/investment) - Global CBD office rents.
590 ## - LOCAL NOTE (RLIN)
Local note KA
651 #4 - SUBJECT ADDED ENTRY--GEOGRAPHIC NAME
Geographic name International
690 ## - LOCAL SUBJECT ADDED ENTRY--TOPICAL TERM (OCLC, RLIN)
Topical term or geographic name as entry element Commercial property
9 (RLIN) 6227
856 40 - ELECTRONIC LOCATION AND ACCESS
Uniform Resource Identifier <a href="https://my.knightfrank.com/research/?regionid=7">https://my.knightfrank.com/research/?regionid=7</a>
Public note View the report (click on Global in Refine box then on title) at myknightfrank.com
942 ## - ADDED ENTRY ELEMENTS (KOHA)
Suppress in OPAC 0
Holdings
Withdrawn status Lost status Source of classification or shelving scheme Damaged status Not for loan Home library Current library Shelving location Date acquired Total Checkouts Full call number Barcode Date last seen Copy number Price effective from Koha item type
    Dewey Decimal Classification     Virtual Virtual Online 02/05/2012   ONLINE PUBLICATION 156158-2001 06/08/2019 1 06/08/2019 Book